Szlachta polska i jej państwo

Titel: Szlachta polska i jej państwo / Jarema Maciszewski
Verfasser:
Ausgabe: Wyd. 2., uzup.
Veröffentlicht: Warszawa : Wiedza Powszechna, 1986
Umfang: 305 S. : Ill.
Format: Buch
Sprache: Polnisch
Schriftenreihe/
mehrbändiges Werk:
Biblioteka Wiedzy historycznej. historia Polski
RVK-Notation:
Schlagworte:
ISBN: 8321405266
Buchumschlag
X
Lokale Klassifikation: 32 7 E ; 32 13 L
alg: 930175
001A    $00030:21-10-87 
001B    $01999:28-04-23 $t18:49:48.000 
001D    $09999:99-99-99 
001U    $0utf8 
001X    $00 
002@    $0Aauc 
003@    $0009301755 
003O    $016889243 $aOCoLC 
004A    $083-214-0526-6 
007A    $0009301755 $aHEB 
007T    $0Herdhh009301755 
010@    $apol 
011@    $a1986 
021A    $aSzlachta polska i jej państwo $hJarema Maciszewski 
028A    $7103337326 $8Maciszewski, Jarema$Z1930-2006 [Tp1] $9138749205 
032@    $aWyd. 2., uzup. 
033A    $pWarszawa $nWiedza Powszechna 
034D    $a305 S. 
034M    $aIll. 
036G    $aBiblioteka Wiedzy historycznej. historia Polski 
044K    $RStaat $RStaatsform $RHerrschaftssystem $#Régimes politiques $#political systems $#Politisches System $#politisches System $#Politisches System $#Regierungssystem $#Regierungsform $#Regierungssystem $74046584-6 $8Politisches System [Ts1] $9085130036 
044K    $RNiederadel $#Szlachta $74179647-0 $8Schlachta [Ts1] $9085855448 
045F    $a900.94380903 $eDDC23BSB 
045F/01 $a900 
045F/03 $f0903 
045F/03 $g438 
045G    $a306.09438 $eDDC23BSB 
045G/01 $a306.09 
045G/03 $g438 
045Z    $8KO 1045 [Tkv] $9409248541 

lok: 930175 3
101B    $004-02-04 $t16:42:37.000 
107F    $0021248486 
145Z/01 $a246 Hh 0441 
101U    $0utf8 

exp: 930175 3 1 #EPN
201B/01 $025-01-02 $t14:00:48.637 
203@/01 $0021248478 
208@/01 $a21-10-87 $bhAa 
209A/01 $a83.636.67 $du $f000 $h83 636 67 $x00 
209B/01 $a186 $x05 
209G/01 $a83636670 $x00 
247C/01 $8601000-3 <30>Frankfurt, Universitätsbibliothek J. C. Senckenberg, Zentralbibliothek (ZB) $9102598258 
201U/01 $0utf8 

lok: 930175 24
101B    $003-12-02 $t14:25:06.002 
101C    $030-10-97 
145Z/01 $a32 7 E 
145Z/02 $a32 13 L 
101U    $0utf8 

exp: 930175 24 1 #EPN
201B/01 $008-08-07 $t12:41:19.000 
201C/01 $030-10-97 
201U/01 $0utf8 
203@/01 $0115718702 
208@/01 $a30-10-97 $br 
209A/01 $a32 XIII L 245 A 2 $du $f050 $h32 13 L 245 / A 2 $x00 
209C/01 $a87.4483 K $h87 4483 K 
209G/01 $a71879526 $x00 
247C/01 $8358050-7 Marburg, Bibliothek des Herder-Instituts Marburg $9102600961 

lok: 930175 25

exp: 930175 25 1 #EPN
201B/01 $003-12-25 $t15:41:29.000 
201C/01 $026-04-05 
201U/01 $0utf8 
203@/01 $0245267115 
208@/01 $a26-04-05 $br 
209A/01 $aP Kl 483 $dd $f076 $x00 
209C/01 $a294/89 
209G/01 $a77521397 $x00 
209G/01 $aPolonicum $x01 
247C/01 $8651076-0 <77/076>Mainz, Universität Mainz, Bereichsbibliothek Philosophicum, Standort Polonicum $9102600252 

lok: 930175 78

exp: 930175 78 1 #EPN
201B/01 $019-04-17 $t17:20:50.000 
201U/01 $0utf8 
203@/01 $0794236715 
208@/01 $a12-11-16 $be 
209A/01 $a/ $f000 $x00 
220C/01 $aAnmerkung: *kko 
237A/01 $aweiterführende Signatur(en): Herder-Institut: 32 XIII L 245 A 2 
244Z/01 $2Trx $#Poola $#Lenkija $#Polija $#Polen Land $#Poland $#Lengyelország $#Poľsko $#Polsko $8--Trx--Polska$gkraj $x01 $9391345966 
244Z/01 $2Trx $8--Trx--Monographie $x02 $9391384546 
245Z/01 $a06.03.01 $x01 
247C/01 $82080>Marburg/Lahn, Herder-Institut, Forschungsbibliothek, Bibliographieportal $9336309341 

lok: 930175 204

exp: 930175 204 1 #EPN
201B/01 $001-09-11 $t08:52:46.000 
201C/01 $001-09-11 
201U/01 $0utf8 
203@/01 $0629011435 
208@/01 $a01-09-11 $brZKAW 
209A/01 $a064 G P 70/744, 2.Aufl. $du $f000 $x00 
220B/01 $aRetro 043954 
245S/01 $a10200 $x01 
247C/01 $8631000-x <26>Gießen, Universität Gießen, Universitätsbibliothek Gießen $9102596697
LEADER 00000cam a2200000 c 4500
001 009301755
003 DE-603
005 20230428184948.0
007 tu
008 871021s1986 xx |||| | u00||u|pol c
020 |a 8321405266 
035 |a (DE-599)HEB009301755 
035 |a (OCoLC)16889243 
040 |a DE-603  |b ger  |c DE-603  |d DE-603 
041 |a pol 
082 0 4 |8 1\u  |a 900.94380903  |q DE-101  |2 23/BSB 
083 0 |8 2\u  |a 306.09438  |q DE-101  |2 23/BSB 
084 |a KO 1045  |0 (DE-625)80041:  |0 (DE-603)409248541  |2 rvk 
085 |8 1\u  |b 900 
085 |8 1\u  |z 1  |s 0903 
085 |8 1\u  |z 2  |s 438 
085 |8 2\u  |b 306.09 
085 |8 2\u  |z 2  |s 438 
100 1 |a Maciszewski, Jarema  |d 1930-2006  |0 (DE-603)138749205  |0 (DE-588)103337326  |2 gnd 
245 0 0 |a Szlachta polska i jej państwo  |c Jarema Maciszewski 
250 |a Wyd. 2., uzup. 
264 1 |a Warszawa  |b Wiedza Powszechna  |c 1986 
300 |a 305 S.  |b Ill. 
490 0 |a Biblioteka Wiedzy historycznej. historia Polski 
650 7 |a Politisches System  |0 (DE-588)4046584-6  |0 (DE-603)085130036  |2 gnd 
650 7 |a Schlachta  |0 (DE-588)4179647-0  |0 (DE-603)085855448  |2 gnd 
924 0 |9 30  |a (DE-603)021248478  |b DE-30  |c HES  |d c  |g 83.636.67 
924 0 |9 Mb 50  |a (DE-603)115718702  |b DE-Mb50  |c HES  |d c  |g 32 XIII L 245 A 2 
924 0 |9 77/076  |a (DE-603)245267115  |b DE-77-076  |c HES  |d d  |g P Kl 483 
924 0 |9 2080  |a (DE-603)794236715  |b DE-2080  |c HES  |d d  |g / 
924 0 |9 26  |a (DE-603)629011435  |b DE-26  |c HES  |d c  |g 064 G P 70/744, 2.Aufl.